| 000 | 00335nam a22001457a 4500 | ||
|---|---|---|---|
| 003 | OSt | ||
| 005 | 20250228124259.0 | ||
| 008 | 250228b |||||||| |||| 00| 0 eng d | ||
| 020 | _a9789354669989 | ||
| 040 | _c | ||
| 082 |
_a621.381 _bKAN |
||
| 245 |
_aDigital Logic circuits _cNagoor Kani |
||
| 260 |
_bCBS _c2024 |
||
| 942 |
_2ddc _cBK _n0 |
||
| 999 |
_c36166 _d36166 |
||